Akcionářská demokracie "Czech made"
Všeobecne o akciovej spoločnosti. Akcionárske tradície v Česku. Legislatíva akciových spoločností. Vývoj akciových spoločností od 90-tych rokov. Kupónová privatizácia - transformácia privatizovaných podnikov do formy akciových spoločností. Problémy minoritných a majoritných akcionárov. Zmeny zákona...
Salvato in:
| Autore principale: | |
|---|---|
| Natura: | Capitolo di libro |
| Lingua: | ceco |
| Soggetti: | |
| Tags: |
Nessun Tag, puoi essere il primo ad aggiungerne!!
|
MARC
| LEADER | 00000naa$a2200000$$$4500 | ||
|---|---|---|---|
| 001 | 0038215 | ||
| 005 | 20231010105218.5 | ||
| 041 | 0 | |a cze | |
| 044 | |a CZ | ||
| 245 | 1 | 0 | |a Akcionářská demokracie "Czech made" |c Jiří Havel |
| 520 | |a Všeobecne o akciovej spoločnosti. Akcionárske tradície v Česku. Legislatíva akciových spoločností. Vývoj akciových spoločností od 90-tych rokov. Kupónová privatizácia - transformácia privatizovaných podnikov do formy akciových spoločností. Problémy minoritných a majoritných akcionárov. Zmeny zákona a ich kvalita. Vývoj akcionárskej demokracie. | ||
| 610 | 2 | 0 | |a spoločnosti akciové |
| 610 | 2 | 0 | |a privatizácia kupónová |
| 610 | 2 | 0 | |a legislatíva |
| 610 | 2 | 0 | |a transformácia podniku |
| 610 | 2 | 0 | |a štát |
| 610 | 2 | 0 | |a fondy investičné |
| 610 | 2 | 0 | |a akcionári |
| 610 | 2 | 0 | |a povinnosť oznamovacia |
| 610 | 2 | 0 | |a emisia |
| 610 | 2 | 0 | |a Česko |
| 610 | 2 | 0 | |a demokracia |
| 100 | 1 | |a Havel, Jiří | |